| 000 | 00667nam a2200217 a 4500 | ||
|---|---|---|---|
| 001 | 1907 | ||
| 003 | CDMR | ||
| 005 | 20131129100437.0 | ||
| 008 | 130130s1975||||||||||||||||||||||||||||d | ||
| 020 | _a8431304030 | ||
| 040 |
_aCDMR _bcat _cCDMR |
||
| 100 | 1 |
_aGarcía Labrado, Francisco _9444 |
|
| 245 | 1 | 3 |
_aLa ayuda económica del estado a la prensa _cFrancisco García Labrado |
| 260 |
_aPamplona _c1975 _bUniversidad de Navarra |
||
| 300 | _a232 p. | ||
| 490 | 0 |
_aCiencias de la Información (EUNSA) _v19 |
|
| 650 | 0 | 4 |
_93728 _aPremsa _xPolítica governamental |
| 650 | 0 | 4 |
_94146 _aPremsa _xAspectes econòmics |
| 650 | 0 | 4 |
_94415 _aPremsa _xSubvencions |
| 942 |
_cMON _2udc |
||
| 999 |
_c1907 _d1907 |
||